Programy podpory zdravia na pracovisku

Koncepcia starostlivosti o zdravie zamestnancov. Podpora zdravia na pracovisku. Definícia novej pracovnej pozície "manažér šťastia". Vysvetlenie pojmov "absentizmus" a "prezentizmus" na pracovisku.

Salvato in:
Dettagli Bibliografici
Autore principale: Hrašková, Dagmar
Natura: Capitolo di libro
Lingua:slovacco
Soggetti:
Tags: Aggiungi Tag
Nessun Tag, puoi essere il primo ad aggiungerne!!

MARC

LEADER 00000naa a2200000 4500
001 0237935
005 20171206082932.3
041 0 |a slo 
044 |a SK 
245 1 0 |a Programy podpory zdravia na pracovisku  |c Dagmar Hrašková 
520 |a Koncepcia starostlivosti o zdravie zamestnancov. Podpora zdravia na pracovisku. Definícia novej pracovnej pozície "manažér šťastia". Vysvetlenie pojmov "absentizmus" a "prezentizmus" na pracovisku. 
610 2 0 |a hygiena duševná 
610 2 0 |a stresy 
610 2 0 |a ochrana zdravia 
610 2 0 |a pracovisko 
610 2 0 |a spokojnosť v práci 
610 2 0 |a podmienky pracovné 
100 1 |a Hrašková, Dagmar